000 00461cam a22001934a 4500
005 20250605164318.0
008 250528s ||||||||||||||||||||||||d
035 _a22799
020 _a9780907135791
040 _aGR-AtMCL
_bgre
_dGR-AtMCL
_eAACR2
245 1 _aINTERNATIONAL TRADE FINANCE
250 _a6
260 _bNorthwick Publishers,
_c1994
300 _a320
700 1 _aCox David
_9733
942 _cBK
999 _c7844
_d7844